header

Professional ASP.NET 3.5 SP1 edition (Record no. 102334)

MARC details
000 -LEADER
fixed length control field 01397nam a2200361Ia 4500
082 04 - DEWEY DECIMAL CLASSIFICATION NUMBER
Classification number 006.7/882
100 1# - MAIN ENTRY--AUTHOR NAME
Personal name Evjen, Bill.
245 10 - TITLE STATEMENT
Title Professional ASP.NET 3.5 SP1 edition
260 ## - PUBLICATION, DISTRIBUTION, ETC. (IMPRINT)
Place of publication Hoboken, NJ :
Name of publisher John Wiley & Sons,
Year of publication 2009.
300 ## - PHYSICAL DESCRIPTION
Number of Pages lx, 1792 p. :
Other physical details ill.
500 ## - GENERAL NOTE
General note "Wrox programmer to programmer."
650 #0 - SUBJECT ADDED ENTRY--TOPICAL TERM
Topical Term Microsoft .NET.
Topical Term C (Computer program language)
700 1# - ADDED ENTRY--PERSONAL NAME
Personal name Hanselman, Scott.
Personal name Rader, Devin,
856 40 - ELECTRONIC LOCATION AND ACCESS
Uniform Resource Identifier http://site.ebrary.com/lib/rucke/Doc?id=10381029

No items available.

© 2026 Rongo University
Contact us: librarian | system librarian | Rongo university